000 00636nam a2200205 i 4500
001 133534
003 ES-MaACL
005 20250819000704.0
007 t|
008 070820s1973 sp ||||1| cat d
100 1 _aWolff, Hans Walter.
_9117254
245 1 1 _aL'Antic Testament /
_cHans Walter Wolff ; traducció i práoleg de Lluis Duch.
250 _a[1ª ed.].
260 _aMontserrat (Barcelona) :
_bAbadía,
_c[1973]
300 _a173 p. ;
_c19 cm.
630 0 4 _aBiblia.
_pA. T.-
_xCrítica e interpretación
_9119250
700 1 _aDuch, Lluís.
_945812
852 _aES-MaACL
_jC-56056
_bR.88622
999 _c133534
_d133534